| 000 | 00987nam a22002177a 4500 | ||
|---|---|---|---|
| 999 |
_c7684 _d7684 |
||
| 003 | AR-CdUCM | ||
| 008 | 190321b ||||| |||| 00| 0 spa d | ||
| 040 |
_aMUNICIPALIDAD PROVINCIAL DEL CUSCO _cBIBLIOTECA MUNICIPAL DEL CUSCO |
||
| 082 |
_a361.2 / _bP75 |
||
| 110 |
_aInstituto de Estudios Ecuatorianos _921692 |
||
| 245 | _aPolíticas Estatales y Organización popular / | ||
| 260 |
_aQuito : _bMendieta, _c1985. |
||
| 300 |
_a489 páginas ; _bilustraciones, mapas, _c25 cm. |
||
| 505 | _aContenido: Las políticas sociales una problemática compleja -- Evaluación de la política Social en los últimos años en Ecuador -- Marchas de las políticas sociales en el periodo 1980-1983 -- La política de promoción popular -- La política social en algunos aspectos ... | ||
| 650 |
_aEcuador _910121 |
||
| 650 |
_aAlfabetización _911123 |
||
| 650 |
_aOrganización sindical _92206 |
||
| 710 |
_aFondo Ecuatoriano Populorum Progressio _921693 |
||
| 942 |
_2ddc _cLIBROS |
||
| 945 | _araen | ||